The British Isles : (Record no. 22036)
[ view plain ]
| 000 -LEADER | |
|---|---|
| fixed length control field | 01049nam a2200301 4500 |
| 001 - CONTROL NUMBER | |
| control field | 22036 |
| 003 - CONTROL NUMBER IDENTIFIER | |
| rucl marc code | BD-RjUL |
| 005 - DATE AND TIME OF LATEST TRANSACTION | |
| control field | 20211209000747.0 |
| 008 - FIXED-LENGTH DATA ELEMENTS--GENERAL INFORMATION | |
| fixed length control field | 140306t19641963enkab b 001 0 eng |
| 035 ## - SYSTEM CONTROL NUMBER | |
| System control number | (BD-RjUL)22101 |
| 040 ## - CATALOGING SOURCE | |
| Original cataloging agency | DLC |
| Transcribing agency | DLC |
| Modifying agency | DLC |
| -- | BD-RjUL |
| Language of cataloging | eng |
| 041 ## - LANGUAGE CODE | |
| Language code of text/sound track or separate title | eng |
| 082 ## - DEWEY DECIMAL CLASSIFICATION NUMBER | |
| Classification number | 914.2 |
| Author mark and year | STB 1963 |
| 100 1# - MAIN ENTRY--PERSONAL NAME | |
| Personal name | Stamp, L. Dudley |
| Fuller form of name | (Laurence Dudley), |
| Dates associated with a name | 1898-1966. |
| 9 (RLIN) | 11800 |
| 245 14 - TITLE STATEMENT | |
| Title | The British Isles : |
| Remainder of title | a geographic and economic survey / |
| Statement of responsibility, etc. | L. Dudley Stamp and Stanley H. Beaver. |
| 250 ## - EDITION STATEMENT | |
| Edition statement | 5th ed. |
| 260 ## - PUBLICATION, DISTRIBUTION, ETC. (IMPRINT) | |
| Place of publication, distribution, etc. | London : |
| Name of publisher, distributor, etc. | Longmans, |
| Date of publication, distribution, etc. | c1963 [Reprinted 1964]. |
| 300 ## - PHYSICAL DESCRIPTION | |
| Pagination | xii, 802 p. : |
| Illustrations | ill., maps. ; |
| Size | 23 cm. |
| 490 0# - SERIES STATEMENT | |
| Series statement | Geographies for advanced study |
| 504 ## - BIBLIOGRAPHY, ETC. NOTE | |
| Bibliography, etc | Includes bibliographies and index. |
| 650 #0 - SUBJECT ADDED ENTRY--TOPICAL TERM | |
| Topical term or geographic name as entry element | Natural resources |
| Geographic subdivision | Great Britain. |
| 9 (RLIN) | 68056 |
| 651 #0 - SUBJECT ADDED ENTRY--GEOGRAPHIC NAME | |
| Geographic name | Great Britain |
| General subdivision | Economic conditions. |
| 9 (RLIN) | 68057 |
| Geographic name | Great Britain |
| General subdivision | Economic conditions |
| Chronological subdivision | 1945-1964. |
| 9 (RLIN) | 5855 |
| 700 1# - ADDED ENTRY--PERSONAL NAME | |
| Personal name | Beaver, Stanley Henry, |
| Relator term | joint author. |
| 942 ## - ADDED ENTRY ELEMENTS (KOHA) | |
| Source of classification or shelving scheme | Dewey Decimal Classification |
| Koha item type | Books |
| Lost status | Source of classification or shelving scheme | Damaged status | Not for loan | Collection code | Permanent Location | Current Location | Shelving location | Date acquired | Source of acquisition | Cost, normal purchase price | Total Checkouts | Full call number | Date last seen | Copy number | Koha item type |
|---|---|---|---|---|---|---|---|---|---|---|---|---|---|---|---|
| Dewey Decimal Classification | Non-fiction | Central Library, University of Rajshahi | Central Library, University of Rajshahi | 05/04/1967 | Publishers united Ltd. | 52.50 | 914.2 STB 1964 | 06/03/2014 | C-5 | Books |